| 000 | 00377nam a22001457a 4500 | ||
|---|---|---|---|
| 020 | _a9780471694205 | ||
| 040 | _cNUST | ||
| 082 | _a518.0285 GIL | ||
| 100 |
_aGilat Amos _919446 |
||
| 245 | _aMATLAB An Introduction with Applications | ||
| 250 | _aSecond Ed | ||
| 260 |
_aUSA: _bJohn Wiley, _c2005. |
||
| 650 |
_aAn Introduction with Applications _9122727 |
||
| 942 |
_2ddc _cBK |
||
| 999 |
_c609173 _d609173 |
||